[Event "Niedersachsen-chT U14"]
[Site "Stade"]
[Date "2007.05.20"]
[Round "7.3"]
[White "Mancic, Felix"]
[Black "Ginten, Tobias"]
[Result "1-0"]
[WhiteElo "844"]
[BlackElo "1098"]
[PlyCount "73"]
[EventDate "2007.05.17"]
[EventType "team-tourn"]
[EventRounds "7"]
[EventCountry "GER"]
[SourceTitle "EXT 2008"]
[Source "ChessBase"]
[SourceDate "2007.11.25"]
[SourceVersion "1"]
[SourceVersionDate "2007.11.25"]
[SourceQuality "1"]

1. e4 c5 2. Nc3 Nc6 3. Nf3 g6 4. d4 cxd4 5. Nxd4 Bg7 6. Nxc6 bxc6 7. Bc4 e6 8. Qe2 Qa5 9. Bd2 Rb8 10. 0-0 Rxb2 11. Qd3 Rb8 12. Bb3 Ba6 13. Bc4 Bxc4 14. Qxc4 Ne7 15. Rab1 0-0 16. h3 Rfc8 17. Qa4 Qxa4 18. Nxa4 Rxb1 19. Rxb1 d5 20. Rb7 Re8 21. exd5 cxd5 22. Rxa7 Rb8 23. Rxe7 Bf6 24. Ra7 Bd4 25. Ra5 Be5 26. g3 Rb1+ 27. Kg2 Rd1 28. Bh6 f5 29. Ra7 Ra1 30. Nc5 Bd4 31. Rc7 Rxa2 32. Nxe6 Be5 33. Rd7 Ra5 34. Nf8 Rc5 35. h4 Bd4 36. Ne6 Bxf2 37. Nxc5 1-0

[Event "Niedersachsen-chT U14"]
[Site "Stade"]
[Date "2007.05.18"]
[Round "4.3"]
[White "Bauschmann, Christoph"]
[Black "Ginten, Tobias"]
[Result "1-0"]
[WhiteElo "1435"]
[BlackElo "1098"]
[PlyCount "29"]
[EventDate "2007.05.17"]
[EventType "team-tourn"]
[EventRounds "7"]
[EventCountry "GER"]
[SourceTitle "EXT 2008"]
[Source "ChessBase"]
[SourceDate "2007.11.25"]
[SourceVersion "1"]
[SourceVersionDate "2007.11.25"]
[SourceQuality "1"]

1. e4 c5 2. Nc3 Nc6 3. g3 g6 4. Bg2 Bg7 5. d3 e6 6. f4 Nge7 7. Nf3 d5 8. e5 a6 9. a4 d4 10. Ne4 b6 11. Nd6+ Kf8 12. Ng5 Qd7 13. Ngxf7 Rg8 14. Ng5 h6 15. Nh7# 1-0

[Event "Niedersachsen-chT U14"]
[Site "Verden"]
[Date "2006.05.25"]
[Round "2.3"]
[White "Matthes, Henning"]
[Black "Ginten, Tobias"]
[Result "1-0"]
[WhiteElo "1094"]
[BlackElo "1036"]
[PlyCount "87"]
[EventDate "2006.05.25"]
[EventType "team"]
[EventRounds "7"]
[EventCountry "GER"]
[SourceTitle "EXT 2007"]
[Source "ChessBase"]
[SourceDate "2006.11.23"]
[SourceVersion "1"]
[SourceVersionDate "2006.11.23"]
[SourceQuality "1"]

1. e4 c5 2. c3 Nc6 3. d4 b6 4. Bb5 Bb7 5. Be3 cxd4 6. cxd4 g6 7. Nc3 e6 8. Nf3 Bg7 9. Rc1 Nge7 10. 0-0 a5 11. Qd2 0-0 12. Bh6 Ba6 13. Bxa6 Rxa6 14. Rfd1 d5 15. Bxg7 Kxg7 16. e5 f6 17. Qe2 Ra7 18. h4 h5 19. exf6+ Rxf6 20. Re1 Nf5 21. Rcd1 Qc8 22. Nb5 Re7 23. Rc1 Qe8 24. g3 Qd7 25. Ne5 Nxe5 26. dxe5 Rf8 27. Rc2 d4 28. Qd3 Qd5 29. b3 Ree8 30. Rc7+ Rf7 31. Rxf7+ Kxf7 32. Nc7 Qc6 33. Nxe8 Qxe8 34. Kh2 Qc6 35. f3 Qc3 36. Qxc3 dxc3 37. Rc1 c2 38. Rxc2 Nd4 39. Rc3 Ne2 40. Rc7+ Ke8 41. Rb7 Nc3 42. Rxb6 Nxa2 43. Rxe6+ Kf7 44. Ra6 1-0